| 000 | 00374pam a2200157 a 4500 | ||
|---|---|---|---|
| 020 |
_a9781437707403 _c |
||
| 041 | _aeng | ||
| 082 |
_a617.3 _bDON |
||
| 100 | _aDONATELLI R.A. | ||
| 245 |
_aPHYSICAL THERAPY OF THE SHOULDER _hTextual Documents |
||
| 250 | _a5. | ||
| 260 |
_bCHURCHILL LIVING STONE _c2012 |
||
| 300 |
_a476: _bXII; _cPB. |
||
| 930 | _a6994 | ||
| 999 |
_c801521 _d801521 |
||
| 650 | _aORTHO | ||